Проектирование контролепригодных дискретных систем: учебное пособие

গ্রন্থ-পঞ্জীর বিবরন
প্রধান লেখক: Убар Р.
সংস্থা লেখক: Таллинский политехнический институт (ТПИ)
ভাষা:রুশ
প্রকাশিত: Таллин, Изд-во ТПИ, 1988
বিষয়গুলি:
বিন্যাস: গ্রন্থ
KOHA link:https://koha.lib.tpu.ru/cgi-bin/koha/opac-detail.pl?biblionumber=258755

MARC

LEADER 00000nam0a2200000 4500
001 258755
005 20231101233325.0
035 |a (RuTPU)RU\TPU\book\281643 
090 |a 258755 
100 |a 20140428d1988 m y0rusy50 ca 
101 0 |a rus 
102 |a EE 
105 |a a j 001zy 
200 1 |a Проектирование контролепригодных дискретных систем  |e учебное пособие  |f Р. Убар  |g Таллинский политехнический институт (ТПИ) 
210 |a Таллин  |c Изд-во ТПИ  |d 1988 
215 |a 68 с.  |c ил. 
320 |a Библиогр.: с. 66-67. 
606 1 |a Вычислительные системы  |2 stltpush  |3 (RuTPU)RU\TPU\subj\67468  |9 83253 
610 1 |a контролепригодность 
610 1 |a дискретные системы 
610 1 |a самодиагностирование 
610 1 |a архитектура 
610 1 |a проектирование 
610 1 |a автоматизация 
610 1 |a учебные пособия 
675 |a 681.324(075.8)  |v 3 
700 1 |a Убар  |b Р. 
712 0 2 |a Таллинский политехнический институт (ТПИ)  |c (1941-1989)  |2 stltpush  |3 (RuTPU)RU\TPU\col\12417 
801 1 |a RU  |b 63413507  |c 20140428 
801 2 |a RU  |b 63413507  |c 20150127  |g RCR 
942 |c BK